The Otomi of the northern Sierra de Puebla, Mexico : an ethnographic outline /

Bibliographic Details
Main Author: Dow, James
Format: Book
Language:English
Published: East Lansing : Latin American Studies Center, Michigan State University, 1975.
Series:Latin American Studies Center monograph series ; no. 12.
Subjects:

MARC

Tag First Indicator Second Indicator Subfields
LEADER 00000cam a2200000 i 4500
001 in00000055906
005 20151008052329.0
008 760826s1975 miu b 00010 eng
010 |a  75620084  
020 |c $3.00 
035 |a (OCoLC)01990773 
035 |9 AAH2853AM 
040 |a DLC  |c DLC  |d TXA  |d UtOrBLW 
043 |a n-mx--- 
049 |a TXAM  |c [1383287] 
050 0 0 |a F1221.O86  |b D68 
082 0 |a 970/.004/97 
100 1 |a Dow, James. 
245 1 4 |a The Otomi of the northern Sierra de Puebla, Mexico :  |b an ethnographic outline /  |c James Dow. 
264 1 |a East Lansing :  |b Latin American Studies Center, Michigan State University,  |c 1975. 
300 |a 76 leaves ;  |c 28 cm. 
336 |a text  |b txt  |2 rdacontent 
337 |a unmediated  |b n  |2 rdamedia 
338 |a volume  |b nc  |2 rdacarrier 
490 1 |a Monograph series - Latin American Studies Center, Michigan State University ; no. 12 
504 |a Bibliography: leaves 75-76. 
650 0 |a Otomi Indians. 
830 0 |a Latin American Studies Center monograph series ;  |v no. 12. 
999 |a MARS 
999 f f |s 5dbc8c6d-a716-38da-a7c8-c00012731f9b  |i b9776c68-88ef-39ef-ade1-84866def59d7  |t 0 
952 f f |p ric  |a Texas A&M University  |b Rellis Campus  |c Joint Library Facility  |d Remote Storage  |t 0  |e F1221.O86 D68  |h Library of Congress classification  |i unmediated -- volume  |m A14802338430 
998 f f |a F1221.O86 D68  |t 0  |l Remote Storage